| 000 | 00879nam a22002897a 4500 | ||
|---|---|---|---|
| 003 | CHAP | ||
| 005 | 20220329135143.0 | ||
| 008 | 971013s1970 r 00010 d | ||
| 010 | _a31801 | ||
| 011 | _a32773 | ||
| 035 | _a36888 | ||
| 040 | _cCHAP | ||
| 082 |
_a301.154 _bC7 |
||
| 100 | 0 | 0 |
_aCrotty, William J. _929212 |
| 245 |
_aPublic opinion and politics _b: a reader |
||
| 260 |
_aNew York : _bHolt, Rinehart and Winston, _c1970 |
||
| 300 | _a431 p. | ||
| 590 |
_aBATCH-UPD _b10 _c20130110 _lUCH01 _h0048 |
||
| 590 |
_aBATCH-UPD _b10 _c20130110 _lUCH01 _h1554 |
||
| 590 |
_aBATCH-UPD _b10 _c20130410 _lUCH01 _h0952 |
||
| 590 |
_aBATCH-UPD _b10 _c20130914 _lUCH01 _h1104 |
||
| 590 |
_aCONVERSION _b10 _c20130109 _lUCH01 _h1318 |
||
| 650 | 1 | 4 |
_aOpinión pública. _983370 |
| 901 | _aBK | ||
| 942 | _cLIBRO | ||
| 949 |
_a301.154 C7 _bBC _cLIBRO _d33724000289526 _eLIBRO _h35447 _i36888 _si |
||
| 999 |
_c31801 _d31801 |
||